000 00516nab a2200145Ia 4500
003 ES-SlBCS
005 20210601133743.0
008 140529s193 xxu||||| |||| 00| 0 por d
041 _apor
100 1 _aNavia, Ricardo J.
_9209270
245 0 0 _aModalidades de uma forma Aalternativa de Fazer Filosofia: Análise de um Texto de Max Horkheimer
_c Ricardo J. Navia
600 1 _aHorkheimer, Max-Formas de Filosofar
_9209271
773 0 _tEducaçao e Filosofia
_gvol. 7, nº. 14, 193, págs. 61-78
_wRev1534
942 _cAR
999 _c601582
_d601582